000 01281nam0a2200361 4500
001 RU\NLR\bibl\250394
005 20250620122647.0
010 _a5-89594-067-6
_bВ пер.
_91000
021 _aRU
_b2001-58722
_92856
035 _a(NLR Aleph) 000246207
090 _a1435771
_c1435771
100 _a20020320d2001 |||y0rusy50 ca
101 0 _arus
102 _aRU
105 _aa |||||||||
200 1 _aТеория прокатки
_fА. П. Грудев
_g[Федер. программа книгоизд. России]
205 _a2-е изд., перераб. и доп.
210 _aМ.
_cИнтермет Инжиниринг
_d2001
215 _a280 с.
_cил.
_d22
320 _aБиблиогр.: с. 279-280
606 0 _aПрокатка металлов продольная
_xТеория
_91973404
_3RU\NLR\auth\66904496
610 0 _aПрокатка металлов продольная
675 _a621.771(075.8)
_v3
_zrus
686 _a55
_2rugasnti
686 _a34.621я73
_2rubbk
686 _aК621.06-1
700 1 _aГрудев
_bА. П.
_gАлександр Петрович
_4070
801 0 _aRU
_bRKP
_c20020320
_gPSBO
801 1 _aRU
_bRKP
_c20020320
801 2 _aRU
_bNLR
_c20020426
_grcr
942 _cBOOK
980 _aNB